000 00383nam a22001697a 4500
003 MPLRDC
005 20220104143915.0
008 210129b ||||| |||| 00| 0 eng d
082 _a947.413 TCZZ v.6
100 _a田中政志
245 _a傻仔龙
_c
250 _a初版
260 _a
_b讲谈社
_c1999
300 _b
650 _a漫画
942 _cBK
_o947.413 TCZZ v.6
999 _c44517
_d44507